000 00654nam a22002177a 4500
005 20170124105936.0
010 _aA-423243
020 _c00.00
035 _aA-423243
037 _bCen Lib/Ret
040 _aDPL
_bEN
082 _a327.47
_bDAR
245 _aSoviet foreign policy documents 1989 /
_cedited by Darshan Singh
260 _aNew Delhi
_bSterling Publishers
_c1990
270 _aL-10, Green Park Extension
_bNew Delhi
_e110016
300 _a1xii,611p.
_c22cm(Hb)
650 _aInternational relation
_99771
650 _aSoviet foreign policy
_99772
700 _aSingh, Darshan
_99773
942 _2ddc
_cEN
_h327.47
_mDAR
999 _c124201
_d124201